| 000 | 00581nam a2200181 4500 | ||
|---|---|---|---|
| 008 | 041203s1976 enk b 001 0 eng | ||
| 020 | _a0710083424 :US16.10 | ||
| 090 |
_aBT645 _bAs3 |
||
| 100 | 1 | _aAshe, Geoffrey. | |
| 245 | 1 | 4 |
_aThe virgin / _cGeoffrey Ashe. |
| 260 |
_aLondon : _bRoutledge & Paul, _c1976. |
||
| 300 |
_avi, 261 p. ; _c23 cm. |
||
| 500 | _aIncludes index. | ||
| 504 | _aBibliography: p. 251-254. | ||
| 600 | 0 | 4 |
_aMary, _cBlessed Virgin, Saint _xDevotion to. |
| 650 | 4 | _aWomen and religion. | |
| 951 |
_p28047 _x00029079 _oBT645/As3 _j070613111431062 _d2000-12-21 _cGC |
||
| 999 |
_c22041 _d22041 |
||